000
00327 a2200157 4500
001
190366
020
_a
978-85-260-1928-7
040
_c
Magnum
100
_a
França, Mary
240
1
0
_a
Sabem por quê?
_l
por
245
1
0
_a
Sabem por quê?
300
_a
19
362
0
_a
2013
697
_a
LITERATURA INFANTIL
942
_c
BK
999
_c
190366
_d
190366